[Event "Open 150' Unita' d'Italia A"]
[Site "Torino ITA"]
[Date "2011.06.02"]
[Round "3"]
[White "Passerotti, Pierluigi"]
[Black "Bianco, Valerio"]
[Result "1-0"]
[WhiteElo "2286"]
[BlackElo "2202"]
[PlyCount "71"]
[EventDate "2011.05.31"]

1. d4 d5 2. Bf4 c5 3. e4 dxe4 4. d5 Nf6 5. Nc3 a6 6. Qe2 e6 7. O-O-O exd5 8.
Nxd5 Nxd5 9. Qxe4+ Be7 10. Rxd5 Qa5 11. Bd6 Nc6 12. Bc4 Be6 13. Rxc5 Qa4 14.
Bxe7 Nxe7 15. Qxb7 O-O 16. Qb3 Qd7 17. Bxe6 fxe6 18. Nf3 Rad8 19. a3 Qd6 20.
Rc4 Nd5 21. Rd1 Rb8 22. Qd3 Rf4 23. Rxf4 Qxf4+ 24. Rd2 h6 25. Qd4 Qc7 26. Qe5
Qb6 27. c4 Nf6 28. Nd4 Re8 29. f3 Qb7 30. Kb1 Kh8 31. Rc2 Nd7 32. Qd6 e5 33.
Nf5 Nf6 34. c5 Qb3 35. c6 e4 36. c7 1-0

[Event "Open 150' Unita' d'Italia A"]
[Site "Torino ITA"]
[Date "2011.06.02"]
[Round "3"]
[White "Pliev, Vladimir"]
[Black "Finocchiaro, Gianluca"]
[Result "1-0"]
[WhiteElo "2049"]
[BlackElo "2151"]
[PlyCount "101"]
[EventDate "2011.05.31"]

1. d4 c5 2. e4 cxd4 3. c3 g6 4. cxd4 d5 5. e5 Bg7 6. f4 Nh6 7. Nc3 Nc6 8. Bb5
O-O 9. h3 Nf5 10. Nge2 e6 11. O-O h5 12. Kh2 h4 13. Rf3 Qb6 14. Bxc6 bxc6 15.
Na4 Qc7 16. Nc5 a5 17. b3 Ba6 18. Nc3 Rfb8 19. Ba3 Bb5 20. N5a4 Bf8 21. Bxf8
Kxf8 22. Nc5 Qe7 23. Qd2 Kg7 24. Rc1 Ra7 25. Nd1 a4 26. b4 Ng3 27. Ne3 Be2 28.
Rf2 Bh5 29. a3 Rba8 30. Qc2 Qf8 31. Ng4 Bxg4 32. hxg4 Qh8 33. f5 exf5 34. gxf5
Nxf5 35. Rxf5 gxf5 36. Qxf5 Qh6 37. Rf1 Qg6 38. Qxg6+ fxg6 39. Rf6 Rc8 40. Ne6+
Kh6 41. Kh3 Re8 42. Kxh4 Kh7 43. Kg5 Rg8 44. g4 Rb7 45. Rf1 Re8 46. Nc5 Rc7 47.
e6 Kg7 48. Rf6 Rf8 49. Rxg6+ Kh7 50. Nd7 Rd8 51. Nf6+ 1-0

[Event "Open 150' Unita' d'Italia A"]
[Site "Torino ITA"]
[Date "2011.06.02"]
[Round "3"]
[White "Sanchez, Joseph"]
[Black "Angelini, Marco"]
[Result "1-0"]
[WhiteElo "2539"]
[BlackElo "2180"]
[PlyCount "35"]
[EventDate "2011.05.31"]

1. e4 c5 2. Nf3 d6 3. d4 cxd4 4. Qxd4 Nc6 5. Bb5 Bd7 6. Bxc6 Bxc6 7. Nc3 Nf6 8.
Bg5 e6 9. O-O-O Be7 10. Qe3 Qa5 11. h4 O-O 12. Nd4 Rac8 13. f4 a6 14. Kb1 b5
15. e5 dxe5 16. fxe5 Nd5 17. Nxc6 Nxc3+ 18. Qxc3 1-0

[Event "Open 150' Unita' d'Italia A"]
[Site "Torino ITA"]
[Date "2011.06.02"]
[Round "3"]
[White "Sorcinelli, Francesco"]
[Black "Formento, Paolo"]
[Result "1-0"]
[WhiteElo "2171"]
[BlackElo "2020"]
[PlyCount "107"]
[EventDate "2011.05.31"]

1. e4 e6 2. Nf3 d5 3. Nc3 Nf6 4. e5 Nfd7 5. d4 Be7 6. Ne2 c5 7. c3 b6 8. Nf4
cxd4 9. cxd4 Ba6 10. Bxa6 Nxa6 11. O-O O-O 12. Be3 Qc7 13. Rc1 Qb7 14. Nd2 Rfc8
15. Qg4 Kh8 16. Nf3 g6 17. h4 Nf8 18. h5 Nc7 19. Ng5 Bxg5 20. Qxg5 Ne8 21. h6
Qd7 22. b4 a5 23. bxa5 Rxa5 24. Rxc8 Qxc8 25. Qe7 Kg8 26. Rc1 Qb8 27. Nh3 Rxa2
28. Bg5 Ra7 29. Qb4 Rc7 30. Rb1 Nd7 31. Rb3 Qc8 32. Rf3 Qa8 33. Bh4 Nxe5 34.
dxe5 Qa1+ 35. Kh2 Qxe5+ 36. Bg3 Qe4 37. Qxb6 Rd7 38. Qc6 Re7 39. Rxf7 Rxf7 40.
Qxe8+ Rf8 41. Qe7 Rf7 42. Qxf7+ Kxf7 43. Ng5+ Kf6 44. Nxe4+ dxe4 45. Bd6 Kg5
46. Kg3 Kxh6 47. Kf4 Kh5 48. Kxe4 Kg5 49. Ke5 h5 50. Kxe6 h4 51. Kf7 Kf5 52.
Be7 g5 53. Kg7 Kg4 54. Kg6 1-0

[Event "Open 150' Unita' d'Italia A"]
[Site "Torino ITA"]
[Date "2011.06.02"]
[Round "3"]
[White "Topczewski, Damian"]
[Black "Stella, Andrea"]
[Result "0-1"]
[WhiteElo "2221"]
[BlackElo "2398"]
[PlyCount "106"]
[EventDate "2011.05.31"]

1. e4 g6 2. d4 Bg7 3. Nc3 c5 4. Nf3 cxd4 5. Nxd4 Nc6 6. Be3 Nf6 7. Nxc6 bxc6 8.
e5 Ng8 9. Bd4 f6 10. f4 Qa5 11. Bc4 fxe5 12. fxe5 Bxe5 13. Qd3 Bxd4 14. Qxd4
Nf6 15. O-O-O Qg5+ 16. Kb1 Qg4 17. Qc5 Qh5 18. Qd4 Qg4 19. Qc5 Qh5 20. Qe3 d5
21. Rhe1 O-O 22. Bb3 Bg4 23. Rd4 e5 24. Qxe5 Qxe5 25. Rxe5 c5 26. Rf4 c4 27.
Ba4 Rad8 28. a3 d4 29. Ne4 Bf5 30. Nxf6+ Rxf6 31. Kc1 d3 32. cxd3 cxd3 33. Kd2
h5 34. h3 Rb6 35. b4 Ra6 36. Bb3+ Kg7 37. a4 Kf6 38. Rc5 Kg5 39. Rf3 Rad6 40.
Re3 Kf6 41. Rc7 Rd4 42. Rc4 Rxc4 43. Bxc4 Rd4 44. Bxd3 Rxb4 45. Bb5 Rb2+ 46.
Kc3 Rxg2 47. Kb4 h4 48. Rc3 Rg3 49. Rc7 Bxh3 50. Rxa7 Bg2 51. Rh7 h3 52. a5
Rg4+ 53. Kb3 Rg5 0-1

[Event "Open 150' Unita' d'Italia A"]
[Site "Torino ITA"]
[Date "2011.06.02"]
[Round "4"]
[White "Angelini, Marco"]
[Black "Barbiso, Tiziana"]
[Result "1/2-1/2"]
[WhiteElo "2180"]
[BlackElo "2024"]
[PlyCount "89"]
[EventDate "2011.05.31"]

1. e4 e6 2. d4 d5 3. Nc3 Nf6 4. e5 Nfd7 5. f4 c5 6. Nf3 Nc6 7. Be3 a6 8. Qd2 b5
9. dxc5 Bxc5 10. Nd4 Qb6 11. O-O-O Bb7 12. Kb1 O-O-O 13. a3 Kb8 14. Qf2 Rc8 15.
Nce2 b4 16. axb4 Qxb4 17. Nc1 Rc7 18. Nd3 Qa5 19. Nxc5 Nxc5 20. Nxc6+ Rxc6 21.
Bxc5 Rxc5 22. Qd4 Qc7 23. Bd3 Rc8 24. Rd2 Qa5 25. Rf2 g6 26. g4 R8c7 27. Rhf1
Bc8 28. Re2 Rb7 29. b3 Rb4 30. Qb2 Qb6 31. Rg2 a5 32. Rg3 a4 33. Be2 d4 34. Rd1
Rc7 35. Rd2 Bb7 36. Rgd3 Ba6 37. Rg3 d3 38. Bd1 Rxf4 39. cxd3 axb3 40. d4 Bc4
41. Bxb3 Rf1+ 42. Bd1 Rb7 43. Qxb6 Rxb6+ 44. Kc2 Bd5 45. Re3 1/2-1/2

[Event "Open 150' Unita' d'Italia A"]
[Site "Torino ITA"]
[Date "2011.06.02"]
[Round "4"]
[White "D'Agostino, Maurizio"]
[Black "Topczewski, Damian"]
[Result "1/2-1/2"]
[WhiteElo "2028"]
[BlackElo "2221"]
[PlyCount "117"]
[EventDate "2011.05.31"]

1. d4 Nf6 2. Nf3 g6 3. Bf4 Bg7 4. e3 O-O 5. h3 c5 6. c3 Qb6 7. Qb3 d5 8. Qxb6
axb6 9. Bc7 Nbd7 10. Na3 Ne8 11. Nb5 c4 12. Bh2 Ndf6 13. Ne5 Ra5 14. Na3 Nd6
15. Be2 Bf5 16. g4 Be6 17. Nc2 Rfa8 18. a3 Nfe4 19. f3 f6 20. fxe4 fxe5 21.
exd5 Bxd5 22. O-O exd4 23. exd4 Rc8 24. Rae1 Rb5 25. Nb4 Bf7 26. Bd1 Rc7 27.
Bf4 Ra5 28. Re3 g5 29. Bg3 Rd7 30. Bc2 Nb5 31. Bxh7+ Kxh7 32. Rxf7 Kh8 33.
Rexe7 Rxe7 34. Rxe7 Nxd4 35. Re8+ Kh7 36. Kg2 Nc6 37. Nxc6 bxc6 38. Re7 Rb5 39.
Kf3 Kg8 40. Re2 Bf6 41. Kg2 Kf7 42. Bf2 Rb3 43. Be1 b5 44. Rc2 c5 45. Bd2 Ke6
46. Bc1 b4 47. axb4 cxb4 48. cxb4 Rxb4 49. Bd2 Rxb2 50. Rxb2 Bxb2 51. Bxg5 c3
52. Kf3 c2 53. Ke4 Kf7 54. Kf5 Kg7 55. h4 c1=Q 56. Bxc1 Bxc1 57. g5 Bd2 58. h5
Bxg5 59. Kxg5 1/2-1/2

[Event "Open 150' Unita' d'Italia A"]
[Site "Torino ITA"]
[Date "2011.06.02"]
[Round "4"]
[White "De Barberis, Massimo"]
[Black "Boetto, Massimo"]
[Result "1-0"]
[WhiteElo "2079"]
[BlackElo "2009"]
[PlyCount "113"]
[EventDate "2011.05.31"]

1. d4 Nf6 2. Nc3 d6 3. e4 g6 4. Be3 Bg7 5. h3 O-O 6. Qd2 c6 7. f4 Qa5 8. Bd3 e5
9. Nf3 Nbd7 10. g4 Re8 11. dxe5 dxe5 12. f5 Nc5 13. O-O-O Na4 14. Ne2 Qxd2+ 15.
Rxd2 Nd5 16. Bg5 f6 17. Bc4 Nab6 18. Bb3 fxg5 19. Nxg5 gxf5 20. gxf5 Bxf5 21.
exf5 Bh6 22. h4 Kg7 23. Ng3 Nf6 24. Re1 Nbd5 25. Rde2 Nf4 26. Rxe5 Ng2 27. Rxe8
Rxe8 28. Rxe8 Nxe8 29. Nh5+ Kf8 30. Kd1 Nxh4 31. Nxh7+ Ke7 32. f6+ Nxf6 33.
N7xf6 Kd8 34. c3 Nf5 35. Ng4 Bg5 36. Nhf6 b5 37. Bc2 Nd6 38. Ne4 Nxe4 39. Bxe4
Kc7 40. Kc2 a5 41. Ne5 c5 42. Kd3 Bf6 43. Ng4 Bg7 44. Ne3 c4+ 45. Kd2 Kb6 46.
Bg6 Kc5 47. Bf7 Bh6 48. Ke2 Bg5 49. Kf3 Bh6 50. Ke4 Bg5 51. b3 cxb3 52. Bxb3 a4
53. Bd1 b4 54. Bxa4 bxc3 55. Bb3 Bf6 56. Kd3 Kb4 57. Nd5+ 1-0

[Event "Open 150' Unita' d'Italia A"]
[Site "Torino ITA"]
[Date "2011.06.02"]
[Round "4"]
[White "Finocchiaro, Gianluca"]
[Black "Pinkerton, James Carl"]
[Result "1-0"]
[WhiteElo "2151"]
[BlackElo "2058"]
[PlyCount "93"]
[EventDate "2011.05.31"]

1. e4 c5 2. c3 Nf6 3. e5 Nd5 4. d4 cxd4 5. Nf3 d6 6. Bc4 Nb6 7. Bb3 dxc3 8. Ng5
d5 9. Nxc3 e6 10. Qf3 Qd7 11. Be3 Nc6 12. Bxb6 axb6 13. Rd1 Bb4 14. O-O Bxc3
15. bxc3 h6 16. Qh5 O-O 17. Ne4 Qe7 18. Nd6 Qg5 19. Qxg5 hxg5 20. Rfe1 Na5 21.
Bc2 Bd7 22. Re3 b5 23. Rh3 f5 24. exf6 gxf6 25. Rh6 f5 26. Rg6+ Kh7 27. Rxg5
Rg8 28. Rxg8 Kxg8 29. Bd3 Nc4 30. Nxc4 bxc4 31. Bxc4 dxc4 32. Rxd7 Rxa2 33. h4
b5 34. Rb7 Rb2 35. h5 Rb3 36. Kh2 e5 37. f3 e4 38. fxe4 fxe4 39. g4 e3 40. Kg3
e2 41. Kf2 Rxc3 42. Rxb5 Re3 43. Ke1 c3 44. Rc5 c2 45. Rxc2 Re4 46. g5 Re5 47.
Rc8+ 1-0

[Event "Open 150' Unita' d'Italia A"]
[Site "Torino ITA"]
[Date "2011.06.02"]
[Round "4"]
[White "Passerotti, Pierluigi"]
[Black "Ljubisavljevic, Zivojin Z."]
[Result "0-1"]
[WhiteElo "2286"]
[BlackElo "2215"]
[PlyCount "152"]
[EventDate "2011.05.31"]

1. d4 g6 2. c4 Bg7 3. Nc3 c5 4. d5 Bxc3+ 5. bxc3 Qa5 6. Bd2 Nf6 7. Qb1 d6 8. e4
Nbd7 9. f4 e5 10. dxe6 fxe6 11. Bd3 e5 12. g3 Qd8 13. Nf3 Qe7 14. O-O exf4 15.
gxf4 O-O 16. Qc2 Nh5 17. f5 Ne5 18. Nxe5 dxe5 19. Bh6 Rd8 20. Be2 Nf4 21. Kh1
Bd7 22. Bxf4 exf4 23. fxg6 hxg6 24. Rxf4 Rf8 25. Raf1 Rxf4 26. Rxf4 Bc6 27. Bf3
Kg7 28. Qg2 Rd8 29. h3 Qe5 30. Rg4 Rd6 31. Qc2 Qh5 32. Qg2 Rf6 33. Qg3 Qh6 34.
Qc7+ Rf7 35. Qe5+ Kh7 36. Qg3 Qc1+ 37. Kh2 Qxc3 38. Bg2 Qxg3+ 39. Kxg3 Rd7 40.
Kf4 Rd4 41. Ke5 Kg7 42. h4 Kf7 43. Bf3 Rxc4 44. Kd6 Rc3 45. Rf4+ Kg7 46. h5 c4
47. hxg6 Rd3+ 48. Ke7 c3 49. Bh5 Rd7+ 50. Ke6 c2 51. Rf1 Rd8 52. e5 Rh8 53. Be2
Re8+ 54. Kd6 Rd8+ 55. Kc7 Rd2 56. Bh5 Rd7+ 57. Kb8 Re7 58. Rc1 Rxe5 59. Rxc2
Rxh5 60. Kxa7 Kxg6 61. Kb8 Kf6 62. Re2 Rh4 63. Kc7 Ra4 64. Kd6 Rd4+ 65. Kc5 Ra4
66. Kd6 Kf5 67. Rh2 Ra6 68. Kc5 Ke4 69. Rb2 Kd3 70. Rh2 Kc3 71. Re2 Ra5+ 72.
Kb6 Rb5+ 73. Kc7 Rb1 74. Rh2 Kb4 75. Rh3 Rb2 76. Kb6 Ka4+ 0-1

[Event "Open 150' Unita' d'Italia A"]
[Site "Torino ITA"]
[Date "2011.06.02"]
[Round "4"]
[White "Pesce, Gabriele"]
[Black "Zunino, Davide"]
[Result "1/2-1/2"]
[WhiteElo "2185"]
[BlackElo "1987"]
[PlyCount "58"]
[EventDate "2011.05.31"]

1. e4 e6 2. d4 d5 3. Nc3 Bb4 4. e5 Ne7 5. a3 Bxc3+ 6. bxc3 c5 7. h4 Qa5 8. Bd2
Nbc6 9. h5 h6 10. Nf3 c4 11. Be2 Bd7 12. O-O O-O-O 13. Nh4 g5 14. Nf3 Rdf8 15.
Nh2 f5 16. exf6 Rxf6 17. Bg4 Rhf8 18. Qe2 Kb8 19. Bh3 Nf5 20. Ng4 R6f7 21. Ne5
Nxe5 22. Qxe5+ Qc7 23. Rae1 Qxe5 24. dxe5 Ba4 25. Rc1 Kc7 26. Bg4 Kd7 27. f3
Ke7 28. Rfe1 Rd8 29. Kf2 b6 1/2-1/2

[Event "Open 150' Unita' d'Italia A"]
[Site "Torino ITA"]
[Date "2011.06.02"]
[Round "4"]
[White "Pliev, Vladimir"]
[Black "Sorcinelli, Francesco"]
[Result "1-0"]
[WhiteElo "2049"]
[BlackElo "2171"]
[PlyCount "75"]
[EventDate "2011.05.31"]

1. e4 c5 2. Nf3 d6 3. d4 cxd4 4. c3 Nf6 5. e5 dxe5 6. Nxe5 a6 7. Bc4 e6 8. cxd4
Be7 9. O-O O-O 10. Nc3 b5 11. Bd3 Bb7 12. Be3 Nbd7 13. a3 Nb6 14. Qe2 Rc8 15.
Rac1 Nbd5 16. Bd2 Qb6 17. Nf3 Qa7 18. Rfd1 Qa8 19. Ne4 Rfd8 20. Nc5 Bxc5 21.
dxc5 g6 22. Ne5 Nh5 23. Qg4 Qb8 24. c6 Ba8 25. Re1 Qd6 26. Qf3 f6 27. Nxg6 hxg6
28. Bxg6 Nhf4 29. Qg4 Rc7 30. Bxf4 Nxf4 31. Rcd1 Qxd1 32. Rxd1 Rxd1+ 33. Qxd1
Rxc6 34. Bc2 Nd5 35. h4 Rc4 36. h5 Rh4 37. Qf3 f5 38. Qg3+ 1-0

[Event "Open 150' Unita' d'Italia A"]
[Site "Torino ITA"]
[Date "2011.06.02"]
[Round "4"]
[White "Pulito, Alberto"]
[Black "Grinza, Andrea"]
[Result "1/2-1/2"]
[WhiteElo "2281"]
[BlackElo "2109"]
[PlyCount "129"]
[EventDate "2011.05.31"]

1. e4 c6 2. d4 d5 3. e5 Bf5 4. Be3 e6 5. Nd2 Nd7 6. Ngf3 h6 7. Be2 Ne7 8. O-O
Bh7 9. c4 dxc4 10. Nxc4 Nd5 11. Qb3 N7b6 12. a4 Nxc4 13. Bxc4 Nb6 14. Nd2 a5
15. d5 Nxc4 16. Nxc4 exd5 17. Qxb7 Qc8 18. Qxc8+ Rxc8 19. Nxa5 Bb4 20. Nb7 O-O
21. Bc5 Bxc5 22. Nxc5 Rfe8 23. Rfe1 Rb8 24. Re2 Rb4 25. b3 d4 26. Rd1 Rd8 27.
e6 fxe6 28. Nxe6 d3 29. Re3 Rd5 30. f3 Rxb3 31. Rd2 c5 32. Nf4 Rd6 33. Re8+ Kf7
34. Rc8 Rc3 35. Kf2 c4 36. Rc7+ Kf8 37. Ne2 Rc2 38. Rxc2 dxc2 39. Rxc4 Rd1 40.
Ke3 Bd3 41. Rc3 Bxe2 42. Rxc2 Bf1 43. Rc8+ Ke7 44. Rc7+ Rd7 45. Rc1 Ba6 46. h4
Rd3+ 47. Ke4 Ra3 48. Rc7+ Kf8 49. g4 Rxa4+ 50. Ke5 Rc4 51. Ra7 Bb5 52. Rb7 Ba4
53. f4 Re4+ 54. Kxe4 Bc6+ 55. Kf5 Bxb7 56. g5 h5 57. Kg6 Bf3 58. f5 Bd1 59. f6
gxf6 60. Kxf6 Bc2 61. g6 Bd1 62. g7+ Kg8 63. Kg6 Be2 64. Kh6 Bd1 65. Kg6
1/2-1/2

[Event "Open 150' Unita' d'Italia A"]
[Site "Torino ITA"]
[Date "2011.06.02"]
[Round "4"]
[White "Van Hoolandt, Patrick"]
[Black "Formento, Paolo"]
[Result "1-0"]
[WhiteElo "2192"]
[BlackElo "2020"]
[PlyCount "85"]
[EventDate "2011.05.31"]

1. d4 d5 2. c4 e5 3. dxe5 d4 4. a3 Nc6 5. Nf3 Nge7 6. b4 Ng6 7. Bb2 a5 8. b5
Ncxe5 9. Nxe5 Nxe5 10. e3 Be6 11. Bxd4 Nxc4 12. Qc2 Nd6 13. Bd3 Qd7 14. Nc3 Nf5
15. Ne2 h6 16. O-O Nxd4 17. Nxd4 Bd6 18. Be4 Ra7 19. Nc6 Ra8 20. Nd4 Ra7 21. f4
f6 22. Qc3 Ke7 23. Nxe6 Qxe6 24. Qd4 b6 25. Bd5 Bc5 26. Qxc5+ bxc5 27. Bxe6
Kxe6 28. Rfc1 Rd8 29. Rxc5 Rd5 30. Rac1 Rxc5 31. Rxc5 a4 32. e4 Kd7 33. Kf2 Ra5
34. Ke3 Kc8 35. Kd4 Kb7 36. e5 fxe5+ 37. fxe5 Ra8 38. e6 Rd8+ 39. Rd5 Rf8 40.
Kc5 Rf2 41. Re5 Rf8 42. e7 Re8 43. Kd5 1-0

[Event "Open 150' Unita' d'Italia A"]
[Site "Torino ITA"]
[Date "2011.06.03"]
[Round "5"]
[White "Barbiso, Tiziana"]
[Black "D'Agostino, Maurizio"]
[Result "1-0"]
[WhiteElo "2024"]
[BlackElo "2028"]
[PlyCount "109"]
[EventDate "2011.05.31"]

1. e4 c5 2. Nc3 g6 3. f4 Bg7 4. Nf3 Nc6 5. Bb5 e6 6. Bxc6 bxc6 7. O-O d5 8. e5
Ba6 9. d3 Nh6 10. Re1 O-O 11. Na4 Qa5 12. b3 c4 13. Bd2 Qc7 14. d4 Rfd8 15. Bb4
Bf8 16. Bxf8 Kxf8 17. Qd2 Kg7 18. Nc5 Bc8 19. Qf2 Qe7 20. Ng5 Ng8 21. g4 h6 22.
Nh3 Rb8 23. Rf1 Kh7 24. Qg3 Qf8 25. Nf2 Rb5 26. Nd1 Rxc5 27. dxc5 Qxc5+ 28. Qf2
d4 29. Nb2 c3 30. Nd3 Qe7 31. Rfd1 Ba6 32. a4 Bxd3 33. Rxd3 Qb4 34. f5 exf5 35.
gxf5 g5 36. f6 Qc5 37. Qf5+ Kh8 38. Rad1 Rd5 39. Re1 Rd6 40. Qe4 Re6 41. Qxd4
Qxd4+ 42. Rxd4 Nxf6 43. Rd6 Nd5 44. Rxe6 fxe6 45. Re4 Kg7 46. Rc4 Kg6 47. Rxc6
Kf5 48. Ra6 Kxe5 49. Rxa7 Kd4 50. Kf2 h5 51. Rh7 Nf6 52. Rg7 g4 53. a5 Ne4+ 54.
Ke2 Nc5 55. b4 1-0

[Event "Open 150' Unita' d'Italia A"]
[Site "Torino ITA"]
[Date "2011.06.03"]
[Round "5"]
[White "Bianco, Valerio"]
[Black "Angelini, Marco"]
[Result "1/2-1/2"]
[WhiteElo "2202"]
[BlackElo "2180"]
[PlyCount "51"]
[EventDate "2011.05.31"]

1. e4 c5 2. c3 d5 3. exd5 Qxd5 4. d4 Nf6 5. Nf3 e6 6. Na3 cxd4 7. Nb5 Qd8 8.
Qxd4 Qxd4 9. Nfxd4 Na6 10. Bf4 Bc5 11. b4 Nd5 12. Bd2 Be7 13. a3 O-O 14. c4
Ndc7 15. Be2 e5 16. Nxc7 Nxc7 17. Nb3 f5 18. O-O Bf6 19. Rad1 b6 20. Bc3 Be6
21. f4 e4 22. Bxf6 Rxf6 23. Rd4 Kf8 24. Rfd1 Ke7 25. a4 Rff8 26. a5 1/2-1/2

[Event "Open 150' Unita' d'Italia A"]
[Site "Torino ITA"]
[Date "2011.06.03"]
[Round "5"]
[White "Formento, Paolo"]
[Black "Boetto, Massimo"]
[Result "1-0"]
[WhiteElo "2020"]
[BlackElo "2009"]
[PlyCount "89"]
[EventDate "2011.05.31"]

1. e4 e6 2. d4 d5 3. Nc3 Bb4 4. Nge2 dxe4 5. a3 Be7 6. Nxe4 Nf6 7. N2c3 Nbd7 8.
Bd3 Nxe4 9. Nxe4 f5 10. Ng3 Nf6 11. Bc4 Nd5 12. O-O O-O 13. Ne2 Bd6 14. Bxd5
exd5 15. Bf4 b6 16. Qd2 Ba6 17. Rfe1 Bxe2 18. Rxe2 Qd7 19. Bxd6 Qxd6 20. Rae1
Rf6 21. Re7 Raf8 22. f4 a5 23. g3 R8f7 24. Re8+ Rf8 25. Qe2 g6 26. Kf2 Qc6 27.
Rxf8+ Rxf8 28. Qe6+ Qxe6 29. Rxe6 Kf7 30. Re5 c6 31. b3 Re8 32. Kf3 Rd8 33. Ke3
b5 34. Kd3 h6 35. c4 bxc4+ 36. bxc4 Kf6 37. cxd5 cxd5 38. Kc3 g5 39. Kb3 g4 40.
Ka4 Rb8 41. Re2 Ra8 42. Kb5 h5 43. Kc5 Rd8 44. a4 Kf7 45. Kb6 1-0

[Event "Open 150' Unita' d'Italia A"]
[Site "Torino ITA"]
[Date "2011.06.03"]
[Round "5"]
[White "Grinza, Andrea"]
[Black "Pliev, Vladimir"]
[Result "1-0"]
[WhiteElo "2109"]
[BlackElo "2049"]
[PlyCount "67"]
[EventDate "2011.05.31"]

1. d4 Nf6 2. c4 g6 3. g3 Bg7 4. Bg2 O-O 5. Nc3 d6 6. b3 c5 7. e3 Nc6 8. Nge2
Bd7 9. O-O Rc8 10. Bb2 a6 11. Rc1 Na5 12. Nf4 b5 13. dxc5 dxc5 14. Ne4 Nxe4 15.
Bxg7 Kxg7 16. Bxe4 bxc4 17. Qd5 Qc7 18. Qg5 Nc6 19. Rxc4 Qe5 20. Qxe5+ Nxe5 21.
Rc3 Bc6 22. Bxc6 Rxc6 23. Rfc1 Rfc8 24. Nd5 Kf8 25. e4 e6 26. Ne3 Nf3+ 27. Kg2
Nd4 28. Rc4 Ke7 29. Nc2 Nb5 30. Nb4 Rb6 31. Rxc5 Rxc5 32. Rxc5 Kd6 33. Nxa6 Na7
34. e5+ 1-0

[Event "Open 150' Unita' d'Italia A"]
[Site "Torino ITA"]
[Date "2011.06.03"]
[Round "5"]
[White "Ljubisavljevic, Zivojin Z."]
[Black "Stella, Andrea"]
[Result "0-1"]
[WhiteElo "2215"]
[BlackElo "2398"]
[PlyCount "116"]
[EventDate "2011.05.31"]

1. e4 c5 2. Nc3 e6 3. f4 Ne7 4. Nf3 Nec6 5. g3 Nd4 6. Nxd4 cxd4 7. Ne2 Nc6 8.
d3 Bb4+ 9. c3 dxc3 10. bxc3 Be7 11. Bg2 O-O 12. O-O d5 13. exd5 exd5 14. f5 d4
15. c4 Re8 16. g4 Bd6 17. Nf4 Qh4 18. Bd2 Ne5 19. h3 Bd7 20. Be1 Qg5 21. Bd2
Qh4 22. Be1 Qg5 23. Bd2 Bc6 24. Ne6 Qh4 25. Be1 Qf6 26. g5 Qe7 27. c5 Bxc5 28.
Bxc6 Nxc6 29. Qh5 g6 30. Qh6 fxe6 31. fxg6 Qg7 32. gxh7+ Qxh7 33. Qxh7+ Kxh7
34. Rf7+ Kg6 35. Rxb7 Bb6 36. h4 Re7 37. Rxe7 Nxe7 38. a4 Nf5 39. Rc1 Kh5 40.
a5 Bd8 41. Rc6 Nxh4 42. Bf2 Bxa5 43. Rxe6 Nf3+ 44. Kg2 Nxg5 45. Rd6 Rd8 46.
Rxd8 Bxd8 47. Bxd4 Bb6 48. Bxb6 axb6 49. Kf2 Kg6 50. Ke3 Kf6 51. Kd4 Ke6 52.
Kc4 Kd6 53. Kb5 Kc7 54. d4 Nf7 55. d5 Nd6+ 56. Kb4 Nc8 57. Kc4 Kd6 58. Kd4 Ne7
0-1

[Event "Open 150' Unita' d'Italia A"]
[Site "Torino ITA"]
[Date "2011.06.03"]
[Round "5"]
[White "Pesce, Gabriele"]
[Black "Finocchiaro, Gianluca"]
[Result "1-0"]
[WhiteElo "2185"]
[BlackElo "2151"]
[PlyCount "53"]
[EventDate "2011.05.31"]

1. e4 d5 2. exd5 Qxd5 3. Nc3 Qa5 4. d4 Nf6 5. Bc4 Bg4 6. Nf3 Nc6 7. h3 Bxf3 8.
Qxf3 O-O-O 9. d5 Nb4 10. O-O Qc5 11. Bb3 Nbxd5 12. Nxd5 Nxd5 13. Qxf7 e5 14.
Rd1 c6 15. c4 Nf6 16. Rxd8+ Kxd8 17. Qxb7 Qb6 18. Qa8+ Kc7 19. Be3 c5 20. Rd1
Qb8 21. Qf3 Bd6 22. Ba4 Qb6 23. Bg5 Rf8 24. Qf5 Kb8 25. Rd3 Nd5 26. Qd7 Bc7 27.
Qxd5 1-0

[Event "Open 150' Unita' d'Italia A"]
[Site "Torino ITA"]
[Date "2011.06.03"]
[Round "5"]
[White "Pinkerton, James Carl"]
[Black "De Barberis, Massimo"]
[Result "1-0"]
[WhiteElo "2058"]
[BlackElo "2079"]
[PlyCount "57"]
[EventDate "2011.05.31"]

1. Nf3 Nf6 2. d4 e6 3. g3 c5 4. Bg2 d5 5. O-O Nc6 6. c4 Be7 7. Nc3 O-O 8. cxd5
exd5 9. b3 Be6 10. Bb2 b6 11. Rc1 Rc8 12. e3 Bg4 13. Ne2 Qc7 14. h3 Bf5 15. Nf4
Rfd8 16. dxc5 Bxc5 17. Bxf6 gxf6 18. Nxd5 Qd6 19. Nd4 Nxd4 20. exd4 Ba3 21.
Rxc8 Rxc8 22. Qf3 Bg6 23. h4 Rd8 24. h5 Bc2 25. Qc3 Bf5 26. b4 Be6 27. Nxf6+
Kg7 28. d5 Bxb4 29. Qa1 1-0

[Event "Open 150' Unita' d'Italia A"]
[Site "Torino ITA"]
[Date "2011.06.03"]
[Round "5"]
[White "Sanchez, Joseph"]
[Black "Pulito, Alberto"]
[Result "1-0"]
[WhiteElo "2539"]
[BlackElo "2281"]
[PlyCount "65"]
[EventDate "2011.05.31"]

1. e4 d6 2. d4 Nf6 3. Nc3 e5 4. Nge2 c6 5. f3 h5 6. Bg5 Be7 7. Qd2 b5 8. h3 Qc7
9. a4 b4 10. Nd1 a5 11. h4 Nbd7 12. Ne3 Nb6 13. c4 c5 14. dxe5 dxe5 15. Ng3 g6
16. b3 Bb7 17. O-O-O Rd8 18. Bd3 Kd7 19. Rhe1 Kc8 20. Nd5 Nfxd5 21. cxd5 f6 22.
Be3 f5 23. exf5 Rhe8 24. Bg5 gxf5 25. Nxf5 Bxg5 26. Qxg5 Kb8 27. Qxh5 Rh8 28.
Qg5 Rhg8 29. Qd2 Nxd5 30. Ne3 Rge8 31. Qc2 Qf7 32. g4 Bc8 33. Bg6 1-0

[Event "Open 150' Unita' d'Italia A"]
[Site "Torino ITA"]
[Date "2011.06.03"]
[Round "5"]
[White "Sorcinelli, Francesco"]
[Black "Van Hoolandt, Patrick"]
[Result "1-0"]
[WhiteElo "2171"]
[BlackElo "2192"]
[PlyCount "71"]
[EventDate "2011.05.31"]

1. Nf3 Nf6 2. c4 e6 3. g3 d5 4. Bg2 dxc4 5. Na3 Bxa3 6. bxa3 O-O 7. Qc2 Nc6 8.
Bb2 Re8 9. O-O e5 10. Qxc4 Be6 11. Qh4 Bd5 12. Rfd1 h6 13. d4 e4 14. Ne5 Ne7
15. Qf4 c6 16. Bc3 a5 17. a4 b5 18. g4 b4 19. Bd2 Nh7 20. Bxe4 Bxe4 21. Qxe4 f6
22. Nxc6 Nxc6 23. Qxc6 Qxd4 24. Qf3 Rad8 25. Be3 Qe5 26. h4 Nf8 27. Rac1 Qe6
28. Rxd8 Rxd8 29. h5 Qxa2 30. Rc7 Qxa4 31. Kg2 Qd1 32. Bb6 Re8 33. Ra7 Re5 34.
Qb7 Ne6 35. Qf7+ Kh7 36. Qg6+ 1-0

[Event "Open 150' Unita' d'Italia A"]
[Site "Torino ITA"]
[Date "2011.06.03"]
[Round "5"]
[White "Topczewski, Damian"]
[Black "Passerotti, Pierluigi"]
[Result "0-1"]
[WhiteElo "2221"]
[BlackElo "2286"]
[PlyCount "46"]
[EventDate "2011.05.31"]

1. e4 c5 2. Nf3 e6 3. b4 b6 4. bxc5 bxc5 5. d3 d5 6. Nbd2 Nf6 7. Qe2 Be7 8. g3
Nc6 9. Bg2 Nb4 10. O-O Nxc2 11. Rb1 Ba6 12. exd5 Nxd5 13. Nc4 Nd4 14. Nxd4 cxd4
15. Qg4 O-O 16. Qxd4 Bf6 17. Qg4 Rc8 18. Ba3 Nc3 19. Bxf8 Nxb1 20. Rxb1 Qxd3
21. Nd2 Qxd2 22. Ba3 Qxa2 23. Qb4 Be7 0-1

[Event "Open 150' Unita' d'Italia A"]
[Site "Torino ITA"]
[Date "2011.06.03"]
[Round "5"]
[White "Zunino, Davide"]
[Black "Spinelli, Doriano"]
[Result "1-0"]
[WhiteElo "1987"]
[BlackElo "2100"]
[PlyCount "49"]
[EventDate "2011.05.31"]

1. d4 d5 2. Nc3 e6 3. e4 dxe4 4. f3 e3 5. Bxe3 Nf6 6. Bd3 c6 7. f4 Nbd7 8. Nf3
Bb4 9. O-O Bxc3 10. bxc3 Nd5 11. Bd2 Qc7 12. Ne5 N7f6 13. Qf3 O-O 14. Qh3 c5
15. c4 Nb4 16. Bxb4 cxb4 17. Ng4 Ne4 18. Bxe4 f5 19. Bd3 fxg4 20. Qxh7+ Kf7 21.
f5 exf5 22. Bxf5 Bxf5 23. Rxf5+ Ke6 24. Re1+ Kd6 25. Rd5+ 1-0

[Event "Open 150' Unita' d'Italia A"]
[Site "Torino ITA"]
[Date "2011.06.04"]
[Round "6"]
[White "Angelini, Marco"]
[Black "Pliev, Vladimir"]
[Result "1/2-1/2"]
[WhiteElo "2180"]
[BlackElo "2049"]
[PlyCount "94"]
[EventDate "2011.05.31"]

1. e4 e5 2. Nf3 Nc6 3. d4 exd4 4. Nxd4 Nf6 5. Nxc6 bxc6 6. e5 Qe7 7. Qe2 Nd5 8.
c4 Nb6 9. Nc3 d5 10. exd6 cxd6 11. b3 Bf5 12. Ba3 O-O-O 13. O-O-O Qg5+ 14. Qd2
Be7 15. g3 Bg4 16. Be2 Bxe2 17. Nxe2 d5 18. Qxg5 Bxg5+ 19. f4 Bf6 20. cxd5 Nxd5
21. Bc5 Kb7 22. Rd3 Rhe8 23. Kd2 a5 24. a3 Re4 25. Rf1 Rde8 26. Rf2 g6 27. Bd4
Be7 28. Nc3 Rxd4 29. Rxd4 Nxc3 30. Kxc3 Bf6 31. Kc4 Bxd4 32. Kxd4 Kb6 33. a4 h5
34. f5 Rd8+ 35. Ke4 Rd5 36. fxg6 fxg6 37. h3 Rg5 38. Rf3 Kc5 39. Kd3 Kd5 40.
Re3 Rf5 41. Kc3 Kc5 42. g4 hxg4 43. hxg4 Rf4 44. Re5+ Kb6 45. Rg5 Rf3+ 46. Kb2
Rf2+ 47. Ka3 Rf6 1/2-1/2